Nonlinear differential equations and dynamical systems /

Đã lưu trong:
Sonraí Bibleagrafaíochta
Príomhúdar: Verhulst, F. 1939-
Formáid: Leabhar
Teanga:English
Foilsithe: Berlin ; New York : Springer, 1996.
Eagrán:2nd ed.
Ábhair:
Clibeanna: Cuir Clib Leis
Gan Chlibeanna, Bí ar an gcéad duine leis an taifead seo a chlibeáil!
Thư viện lưu trữ: Mạng thư viện Đại học Đà Nẵng
LEADER 00914cam a2200337 i 4500
001 000046033
003 5300
005 20030327082035.0
008 010220|1996 vm 000 eng
020 |a 3540609342 
040 |a IRC  |c IRC  |d IRC 
041 0 |a eng 
082 1 4 |a 515.355  |b VE-F 
100 1 |a Verhulst, F.  |q (Ferdinand),  |d 1939- 
245 0 0 |a Nonlinear differential equations and dynamical systems /  |c F. (Ferdinand) Verhulst. 
250 |a 2nd ed. 
260 |a Berlin ; New York :  |b Springer,  |c 1996. 
300 |a x, 303p. :  |b ill. 
630 0 4 |a Mathematics. 
650 0 4 |a Differentiable dynamical systems. 
650 0 4 |a Differential equations, Nonlinear. 
OWN |a DUT 
999 |a From the UDN01 
TYP |a Monograph 
TYP |a Printed language 
980 |a Mạng thư viện Đại học Đà Nẵng